The miserable mill /

Accidents, evil plots, and general misfortune abound when, in their continuing search for a home, the Baudelaire orphans are sent to live and work in a sinister lumber mill.

Bibliographic Details
Main Author: Snicket, Lemony
Corporate Authors: Harper Audio (Firm), Audio Adventures (Firm)
Format: CD Software Audio eBook
Language:English
Published: [New York, N.Y.] : [Harper Audio], [2003]
Series:Snicket, Lemony. Series of unfortunate events (Harper Audio (Firm)) ; bk. 4.
Subjects:
Online Access:http://www.lemonysnicket.com/

MARC

Tag First Indicator Second Indicator Subfields
LEADER 00000cim a2200000Ia 4500
001 in00002034137
005 20151101051629.0
006 m i
007 sd fsngnn---ed
007 co cga--------
008 030822s2003 nyunnn j f eng d
020 |a 0060566183 
028 0 1 |a UACD 70(3)  |b Harper Audio 
035 |a (OCoLC)ocm52899860 
040 |a GZG  |c GZG  |d OCLCQ  |d IBI  |d TXA  |d UtOrBLW 
049 |a TXAM 
090 |a PS3558.A4636  |b S472 bk. 4 
100 1 |a Snicket, Lemony. 
245 1 4 |a The miserable mill /  |c written and read by Lemony Snicket. 
264 1 |a [New York, N.Y.] :  |b [Harper Audio],  |c [2003] 
264 4 |c ℗2003 
300 |a 3 sound discs (3 hr.) :  |b digital ;  |c 4 3/4 in. 
336 |a spoken word  |b spw  |2 rdacontent 
337 |a computer  |b c  |2 rdamedia 
338 |a computer disc  |b cd  |2 rdacarrier 
490 1 |a A series of unfortunate events ;  |v bk. the 4th 
538 |a System requirements for interactive features: PC or Macintosh. 
511 0 |a Read by the author. 
508 |a Original music by The Gothic Archies. 
500 |a Unabridged. 
500 |a Enhanced compact discs. 
500 |a "Product repackaged by Audio Adventures, LLC"--Container. 
520 |a Accidents, evil plots, and general misfortune abound when, in their continuing search for a home, the Baudelaire orphans are sent to live and work in a sinister lumber mill. 
500 |a Interactive features include: a perplexing word game, photos from the Lemony Snickert archives, art from the Brett Helquist gallery. 
500 |a Sound recording. 
650 0 |a Baudelaire, Sunny (Fictitious character)  |v Juvenile sound recordings. 
650 0 |a Baudelaire, Violet (Fictitious character)  |v Juvenile sound recordings. 
650 0 |a Baudelaire, Klaus (Fictitious character)  |v Juvenile sound recordings. 
650 0 |a Orphans  |v Juvenile sound recordings. 
650 0 |a Brothers and sisters  |v Juvenile sound recordings. 
650 0 |a Humorous stories, American. 
655 7 |a Children's audiobooks.  |2 lcgft 
710 2 |a Harper Audio (Firm) 
710 2 |a Audio Adventures (Firm) 
800 1 |a Snicket, Lemony.  |t Series of unfortunate events (Harper Audio (Firm)) ;  |v bk. 4. 
856 1 |u http://www.lemonysnicket.com/  |t 0 
948 |a cataloged  |b h  |c 2005/3/7  |d c  |e mphillip  |f 2:01:18 pm 
994 |a E0  |b TXA 
999 |a MARS 
999 f f |s 2a7f3881-f3e3-340c-bba4-40c38d6dfff9  |i ea7bd438-545a-3c70-80c7-31360d4b358d  |t 0 
952 f f |p normal  |a Texas A&M University  |b College Station  |c Sterling C. Evans Library  |d Evans: Library Stacks  |t 0  |e PS3558.A4636 S472 bk.4  |h Library of Congress classification  |i computer -- computer disc  |m A14832503421 
998 f f |a PS3558.A4636 S472 bk.4  |t 0  |l Evans: Library Stacks